|
|
|
|
| LEADER |
01550nam a2200385 a 4500 |
| 001 |
EBC331630 |
| 003 |
MiAaPQ |
| 005 |
20200520144314.0 |
| 006 |
m o d | |
| 007 |
cr cn||||||||| |
| 008 |
070904s2008 nju s 000 0 eng |
| 010 |
|
|
|z 2007036514
|
| 020 |
|
|
|z 9780470148174 (cloth : alk. paper)
|
| 035 |
|
|
|a (MiAaPQ)EBC331630
|
| 035 |
|
|
|a (Au-PeEL)EBL331630
|
| 035 |
|
|
|a (CaPaEBR)ebr10225424
|
| 035 |
|
|
|a (CaONFJC)MIL121749
|
| 035 |
|
|
|a (OCoLC)437200266
|
| 040 |
|
|
|a MiAaPQ
|c MiAaPQ
|d MiAaPQ
|
| 050 |
|
4 |
|a HF5628
|b .C73 2008
|
| 082 |
0 |
4 |
|a 657.068
|2 22
|
| 100 |
1 |
|
|a Crosley, Gale.
|
| 245 |
1 |
0 |
|a At the crossroads
|h [electronic resource] :
|b the remarkable CPA firm that nearly crashed, then soared /
|c Gale Crosley and Debbie Stover.
|
| 246 |
3 |
0 |
|a CPA firm that nearly crashed, then soared
|
| 260 |
|
|
|a Hoboken, N.J. :
|b J. Wiley & Sons, Inc.,
|c c2008.
|
| 300 |
|
|
|a xiv, 194 p.
|
| 500 |
|
|
|a The story of a mythical Minneapolis CPA firm, Crandall & Potter, a composite based on various firms the author has worked with as a consultant.
|
| 533 |
|
|
|a Electronic reproduction. Ann Arbor, MI : ProQuest, 2015. Available via World Wide Web. Access may be limited to ProQuest affiliated libraries.
|
| 650 |
|
0 |
|a Accounting firms
|x Management.
|
| 650 |
|
0 |
|a Organizational change.
|
| 650 |
|
0 |
|a Organizational effectiveness.
|
| 655 |
|
4 |
|a Electronic books.
|
| 700 |
1 |
|
|a Stover, Debbie.
|
| 710 |
2 |
|
|a ProQuest (Firm)
|
| 856 |
4 |
0 |
|u https://ebookcentral.proquest.com/lib/matrademy/detail.action?docID=331630
|z Click to View
|